Pays commençant par A - Mort Subite - Statistiques

Statistiques générales
  • Ce quiz a été pris 487 fois
  • Le résultat moyen est 12 sur 14
Answers on the Grid
Answers color-coded by a green-red scale on the quiz's grid according to % correct below.
_lbanie
_llemagne
_ustralie
_rménie
_lgérie
_ndorre
_utriche
_fghanistan
_rgentine
_ngola
_frique du Sud
_zerbaïdjan
_rabie Saoudite
_ntigua-et-Barbuda
_swatini
_rythrée
_thiopie
_stonie
_ruguay
_kraine
_sraël
_rak
_uzbékistan
_uganda
_man
_urkina Faso
_urundi
_runei
 
Statistiques - réponses
Réponse % Correct
_rgentine
88%
_utriche
88%
_lbanie
87%
_ngola
87%
_rabie Saoudite
87%
_fghanistan
86%
_frique du Sud
86%
_lgérie
86%
_llemagne
86%
_ndorre
86%
_rménie
86%
_ustralie
84%
_zerbaïdjan
83%
_ntigua-et-Barbuda
74%
Aucun quiz correspondant
Distribution des résultats
% des personnes avec chaque résultat
Percentile par nombre de réponses
Votre historique - résultats
Vous n’avez pas pris ce quiz